[Event "Open de Figueres Miquel Mas 2016 - B"]
[Site "Figueres ESP"]
[Date "2016.08.17"]
[Round "8.8"]
[White "Glukhovsky, Daniel"]
[Black "Torrent Lagresa, Josep M."]
[Result "1-0"]
[WhiteElo "1805"]
[BlackElo "1601"]
[PlyCount "57"]
[EventDate "2016.08.11"]
[EventType "swiss"]
[EventRounds "9"]
[EventCountry "ESP"]
[SourceTitle "Ajedrez en Madrid"]
[Source "lmi"]
[SourceDate "2016.08.11"]
[SourceVersion "1"]
[SourceVersionDate "2018.07.27"]
[SourceQuality "1"]

1. Nf3 d5 2. g3 Nf6 3. Bg2 c5 4. d3 Nc6 5. Nbd2 e5 6. e4 dxe4 7. dxe4 Be7 8.
O-O O-O 9. Nc4 Qc7 10. Qe2 b6 11. c3 h6 12. Nh4 Rd8 13. f4 Bg4 14. Qf2 Rd3 15.
fxe5 Nxe5 16. Nxe5 Qxe5 17. Bf4 Qe6 18. e5 c4 19. Qc2 Nd5 20. Nf3 Rd8 21. Rad1
Bc5+ 22. Kh1 Nxf4 23. gxf4 Be3 24. Rde1 Bh3 25. Re2 Bxg2+ 26. Rxg2 Bxf4 27. Nd4
Qxe5 28. Nc6 Qd5 29. Ne7+ 1-0

[Event "Open de Figueres Miquel Mas 2016 - B"]
[Site "Figueres ESP"]
[Date "2016.08.17"]
[Round "8.9"]
[White "Voegeli, Max"]
[Black "Ruiz De Morales, Jaume"]
[Result "0-1"]
[WhiteElo "1792"]
[BlackElo "1522"]
[PlyCount "64"]
[EventDate "2016.08.11"]
[EventType "swiss"]
[EventRounds "9"]
[EventCountry "ESP"]
[SourceTitle "Ajedrez en Madrid"]
[Source "lmi"]
[SourceDate "2016.08.11"]
[SourceVersion "1"]
[SourceVersionDate "2018.07.27"]
[SourceQuality "1"]

1. e4 e6 2. d3 d5 3. Nd2 c5 4. Ngf3 Nc6 5. g3 d4 6. Bg2 e5 7. O-O Nf6 8. Nc4
Qc7 9. Nh4 b5 10. Na3 Rb8 11. f4 Bg4 12. Bf3 Bh3 13. Bg2 Bg4 14. Bf3 Bh3 15.
Rf2 Bd6 16. Nf5 O-O 17. Nxd6 Qxd6 18. Bg2 Be6 19. fxe5 Nxe5 20. Bf4 Nfd7 21.
Qh5 f6 22. Bh3 Bf7 23. Qe2 Qc6 24. c4 dxc3 25. bxc3 Rb6 26. d4 cxd4 27. cxd4
Ng6 28. Bd2 Re8 29. Bg2 a6 30. Rc1 Qd6 31. Bc3 Qxa3 32. Qg4 Qxc1+ 0-1